000 00824cab a2200217 4500
001 ABS40879
008 090401t1989 xxu||||| |||| 00| 0 eng d
035 _a(Sirsi) u26664
041 _aeng
245 4 _aThe recruitment market: quantity surveyors
260 _c1989
350 _a0
490 _aIDS Top Pay Unit Review
_v(99) May 1989, 13-14(2)
520 _aExamines the recruitment market for quantity surveyors , concluding that a shortage still persists. Includes tables showing salaries for senior surveyors and graduates, taken from advertisements which appeared from February to March 1989 in "Construction News" and "Contract Journal".
650 _aBUILDING INDUSTRY
650 _aEMPLOYMENT
650 _aSKILLS SHORTAGES
690 _aQuantity surveying
_96263
942 _n0
948 _c04/03/1997
999 _c17939
_d17939